Movies Quiz

Random Movies or Actor Quiz

Best Picture Oscar Slot Machine Quiz Stats

 Plays Quiz Updated Jun 9, 2012

Score 0/60 Timer 05:00
0 Plays Today
f f % Correct
Best Picture2-Q-97
96.7%
Actor/Actress2-Q-97
96.7%
Year of Win2-Q-97
96.7%
Best Picture1-J-76
92.3%
Actor/Actress1-J-76
92.3%
Year of Win1-J-76
92.3%
Best Picture7-E-94
92.3%
Actor/Actress7-E-94
92.3%
Year of Win7-E-94
92.3%
Best Picture14-T-10
88.5%
Actor/Actress14-T-10
88.5%
Year of Win14-T-10
88.5%
Best Picture17-B-08
86.5%
Actor/Actress17-B-08
86.5%
Year of Win17-B-08
86.5%
Best Picture20-A-03
85.5%
Actor/Actress20-A-03
85.5%
Year of Win20-A-03
85.5%
Best Picture19-M-91
85.5%
Actor/Actress19-M-91
85.5%
Year of Win19-M-91
85.5%
Best Picture11-K-99
80.5%
Actor/Actress11-K-99
80.5%
Year of Win11-K-99
80.5%
Best Picture16-D-39
77.1%
Actor/Actress16-D-39
77.1%
Year of Win16-D-39
77.1%
Best Picture18-S-65
76.8%
Best Picture9-N-93
76.9%
Actor/Actress18-S-65
76.8%
f f % Correct
Actor/Actress9-N-93
76.9%
Year of Win18-S-65
76.8%
Year of Win9-N-93
76.9%
Best Picture5-R-43
76.7%
Actor/Actress5-R-43
76.7%
Year of Win5-R-43
76.7%
Best Picture8-C-72
74.5%
Actor/Actress8-C-72
74.5%
Year of Win8-C-72
74.5%
Best Picture13-G-79
73.5%
Actor/Actress13-G-79
73.5%
Year of Win13-G-79
73.5%
Best Picture6-I-06
69.6%
Actor/Actress6-I-06
69.6%
Year of Win6-I-06
69.6%
Best Picture4-P-59
62.8%
Actor/Actress4-P-59
62.8%
Year of Win4-P-59
62.8%
Best Picture12-O-54
57.3%
Actor/Actress12-O-54
57.3%
Year of Win12-O-54
57.3%
Best Picture10-L-61
55.3%
Year of Win10-L-61
55.3%
Actor/Actress10-L-61
55.3%
Best Picture3-H-48
48.4%
Actor/Actress3-H-48
48.4%
Year of Win3-H-48
48.4%
Actor/Actress15-F-36
39.8%
Best Picture15-F-36
39.8%
Year of Win15-F-36
39.8%

You're not logged in!

Compare scores with friends on all Sporcle quizzes.
Join for Free
OR
Log In

You Might Also Like...

Show Comments

Extras

Top Quizzes Today


Score Distribution

Your Account Isn't Verified!

In order to create a playlist on Sporcle, you need to verify the email address you used during registration. Go to your Sporcle Settings to finish the process.

Report this User

Report this user for behavior that violates our Community Guidelines.

Details: